| 000 | 00888nam a22002057a 4500 | ||
|---|---|---|---|
| 999 |
_c62396 _d62396 |
||
| 003 | Ge_BSU | ||
| 005 | 20241022115549.0 | ||
| 008 | 241022s2003 ge ||||| |||| 00| 0 geo d | ||
| 041 | _ageo | ||
| 080 | _a616.5(075.8)+ 616.9(075.8) ს-34 | ||
| 100 |
_aსაყვარელიძე, დ. _9550 |
||
| 245 |
_aკანისა და ვენერული დაავადებები: _bსახელმძღვანელო/ _cდ. საყვარელიძე. |
||
| 250 | _aმესამეე გამოცემა | ||
| 264 |
_aთბილისი, _c2003. |
||
| 300 |
_a414 გვ.: _bილ. _c20 სმ. |
||
| 653 | _aმედიცინა. | ||
| 653 | _aვენერიული დაავადებები. | ||
| 653 | _aვენერიული კანის დაავადებები. | ||
| 942 |
_2udc _cᲬᲘᲒᲜᲘ |
||